| 000 | 00673cab a2200229 4500 | ||
|---|---|---|---|
| 001 | ABS60287 | ||
| 008 | 090401t1999 xxu||||| |||| 00| 0 eng d | ||
| 035 | _a(Sirsi) u92094 | ||
| 041 | _aeng | ||
| 100 | _aPurcell, S. | ||
| 245 | 2 | _aA decade of change in the property market | |
| 260 | _c1999 | ||
| 350 | _a0 | ||
| 490 |
_aSolicitors` Journal _v143(10) 12 March 1999, 249(1) |
||
| 650 | _aINSTITUTIONAL LEASES | ||
| 650 | _aLEASE STRUCTURES | ||
| 650 | _aPROPERTY-COMMERCIAL PROPERTY-OFFICE PROPERTY-OFFICE PROPERTY MARKET | ||
| 650 | _aRENTAL VALUES | ||
| 690 | _aPROPERTY-COMMERCIAL PROPERTY-COMMERCIAL PROPERTY MARKET | ||
| 942 | _n0 | ||
| 948 | _c16/03/1999 | ||
| 999 |
_c58388 _d58388 |
||